书目信息 |
| 题名: |
物料衡算与热量衡算
|
|
| 作者: | 化学工业部人事教育司 化学工业部教育培训中心 组织编写 | |
| 分册: | ||
| 出版信息: | 北京 化学工业出版社 1997.12 |
|
| 页数: | 152页 | |
| 开本: | 32开 | |
| 丛书名: | ||
| 单 册: | ||
| 中图分类: | TQ038.1 | |
| 科图分类: | ||
| 主题词: | 化学反应过程 | |
| 电子资源: | ||
| ISBN: | 7-5025-1914-9 | |
| 000 | 00734nam0 2200193 45 | |
| 001 | 0011212109 | |
| 005 | 20001121210859.8 | |
| 010 | @a7-5025-1914-9@d9.50元 | |
| 100 | @a20001121d1997 km y0chiy0120 ea | |
| 101 | 0 | @achi |
| 105 | @a z 000yy | |
| 200 | 1 | @a物料衡算与热量衡算@AWu Liao Heng Suan Yu Re Liang Heng Suan@f化学工业部人事教育司 化学工业部教育培训中心组织编写@FHua Xue Gong Ye Bu Ren Shi Jiao Yu Si Hua Xue Gong Ye Bu Jiao Yu Pei Xun Zhong Xin Zu Zhi Bian Xie |
| 210 | @a北京@c化学工业出版社@d1997.12 | |
| 215 | @a152页@d32开 | |
| 606 | 0 | @a化学反应过程 |
| 690 | @aTQ038.1@v3 | |
| 701 | 0 | @a化学工业部人事教育司 化学工业部教育培训中心@4组织编写 |
| 801 | @aCN@bPftUser@c20001121 | |
| 905 | @b500470-472@dTQ038.1@eZH:2802@f3 | |
| 物料衡算与热量衡算/化学工业部人事教育司 化学工业部教育培训中心组织编写.-北京:化学工业出版社,1997.12 |
| 152页;32开 |
| ISBN 7-5025-1914-9:9.50元 |
| ● |
| 相关链接 |
|
|
|
正题名:物料衡算与热量衡算
索取号:TQ038.1/ZH:2802
 
预约/预借
| 序号 | 登录号 | 条形码 | 馆藏地/架位号 | 状态 | 备注 |
| 1 | 500470 | 205004706 | 自科库501/501自科库 138排2列3层/ [索取号:TQ038.1/ZH:2802] | 在馆 | |
| 2 | 500471 | 205004715 | 材料与化工学院资料室/ [索取号:TQ038.1/ZH:2802] | 在馆 | |
| 3 | 500472 | 205004724 | 自科库501/501自科库 138排2列3层/ [索取号:TQ038.1/ZH:2802] | 在馆 |